[Event "RUS-chT 27th"]
[Site "Sochi"]
[Date "2020.11.21"]
[Round "3.1"]
[White "Ter Saakian, Grigorii"]
[Black "Goganov, Aleksey"]
[Result "0-1"]
[WhiteElo "2296"]
[BlackElo "2602"]
[PlyCount "118"]
[EventDate "2020.11.19"]
[EventType "team-tourn"]
[EventRounds "9"]
[EventCountry "RUS"]
[SourceTitle "CBM 199"]
[Source "ChessBase"]
[SourceDate "2020.12.31"]
[SourceVersion "1"]
[SourceVersionDate "2020.12.31"]
[SourceQuality "1"]
[WhiteTeam "Moscow Region "]
[BlackTeam "St Petersburg Bronze Horseman"]
[WhiteTeamCountry "RUS"]
[BlackTeamCountry "RUS"]

1. e4 c5 2. Nc3 Nc6 3. Nf3 e6 4. Bb5 Nd4 5. Bc4 Nf6 6. 0-0 d6 7. d3 d5 8. Nxd4 dxc4 9. Nf3 cxd3 10. Qxd3 Qxd3 11. cxd3 Be7 12. d4 cxd4 13. Nxd4 0-0 14. f3 Rd8 15. Be3 Bd7 16. Rfd1 a6 17. Nb3 Be8 18. Bb6 Rdc8 19. Rd3 Nd7 20. Bd4 b5 21. Rad1 Rab8 22. e5 Nb6 23. Ne4 Nc4 24. Nbd2 Bc6 25. b3 Nxd2 26. Nxd2 Kf8 27. Kf2 Ke8 28. Rc1 Bb4 29. Nf1 Bb7 30. Rdd1 Ba3 31. Rxc8+ Rxc8 32. Ne3 Ke7 33. Ke2 f5 34. exf6+ gxf6 35. Rd2 h5 36. Rc2 Rxc2+ 37. Nxc2 Bd6 38. h3 e5 39. Bf2 f5 40. Be1 Ke6 41. Bc3 f4 42. Bb4 Bc7 43. Bc5 e4 44. Ne1 a5 45. a3 e3 46. Nc2 Kd5 47. b4 Kc4 48. g3 fxg3 49. Nxe3+ Kb3 50. bxa5 Bxa5 51. f4 Bc7 52. f5 Be5 53. Kf1 Be4 54. Kg1 Kc3 55. Kf1 Kd3 56. Bb6 Bf6 57. Bc5 Bg5 58. Ng2 h4 59. Ne1+ Kc4 0-1

[Event "RUS-chT 27th"]
[Site "Sochi"]
[Date "2020.11.19"]
[Round "1.2"]
[White "Novikov, Stanislav"]
[Black "Ter Saakian, Grigorii"]
[Result "1-0"]
[WhiteElo "2527"]
[BlackElo "2296"]
[PlyCount "82"]
[EventDate "2020.11.19"]
[EventType "team-tourn"]
[EventRounds "9"]
[EventCountry "RUS"]
[SourceTitle "CBM 199"]
[Source "ChessBase"]
[SourceDate "2020.12.31"]
[SourceVersion "1"]
[SourceVersionDate "2020.12.31"]
[SourceQuality "1"]
[WhiteTeam "Moscow Botvinnik School"]
[BlackTeam "Moscow Region "]
[WhiteTeamCountry "RUS"]
[BlackTeamCountry "RUS"]

1. c4 c6 2. e4 d5 3. exd5 cxd5 4. cxd5 Nf6 5. Nc3 Nxd5 6. Nf3 e6 7. d4 Be7 8. Bd3 Nc6 9. 0-0 Bf6 10. Be4 Nce7 11. Qd3 h6 12. Ne5 a6 13. Ng4 b6 14. Nxf6+ gxf6 15. Nxd5 exd5 16. Bf3 Be6 17. Bf4 Ng6 18. Bg3 f5 19. Rfe1 0-0 20. Bh5 Qg5 21. Bxg6 Qxg6 22. Rac1 b5 23. Rc6 Rfc8 24. Rc5 Kh7 25. Bf4 Rg8 26. g3 Qg4 27. Qe3 Qg7 28. Rc6 Rgc8 29. Rec1 Qf8 30. h3 Rxc6 31. Rxc6 Qe8 32. Rb6 Qd8 33. Rb7 Qf6 34. Rb6 Qg6 35. Kg2 h5 36. Qa3 h4 37. Qe7 hxg3 38. Qh4+ Kg8 39. Be5 gxf2+ 40. Kxf2 f6 41. Bxf6 Rc8 1-0

[Event "Chigorin Memorial 27th"]
[Site "St Petersburg"]
[Date "2019.10.07"]
[Round "3"]
[White "Izoitko, Alexey"]
[Black "Ter Saakian, Grigorii"]
[Result "1/2-1/2"]
[WhiteElo "1981"]
[BlackElo "2277"]
[PlyCount "95"]
[EventDate "2019.10.05"]
[EventType "swiss"]
[EventRounds "9"]
[EventCountry "RUS"]
[SourceTitle "EXT 2020"]
[Source "ChessBase"]
[SourceDate "2019.10.17"]
[SourceVersion "1"]
[SourceVersionDate "2019.10.17"]
[SourceQuality "1"]

1. d4 d5 2. e4 dxe4 3. Nc3 Nf6 4. f3 exf3 5. Nxf3 Bg4 6. h3 Bh5 7. g4 Bg6 8. Ne5 Nbd7 9. Qe2 c6 10. h4 h5 11. Nxg6 fxg6 12. g5 Ng4 13. Qe4 Qb6 14. Qxg6+ Kd8 15. Bd2 e5 16. 0-0-0 exd4 17. Ne4 c5 18. Qf5 g6 19. Qd5 Be7 20. Bh3 Qc6 21. Qxc6 bxc6 22. c3 d3 23. Bxg4 hxg4 24. c4 Rf8 25. Ba5+ Kc8 26. Rxd3 Ne5 27. Rg3 Rf4 28. Re1 Nxc4 29. Bc3 Nd6 30. Nxd6+ Bxd6 31. Reg1 Kd7 32. Rxg4 Raf8 33. Bf6 Re8 34. Rxf4 Bxf4+ 35. Kd1 Re4 36. h5 gxh5 37. g6 Re8 38. Rh1 Be5 39. Bxe5 Rxe5 40. g7 Rg5 41. Rxh5 Rxg7 42. Rxc5 Kd6 43. Rc3 c5 44. Kc2 Kd5 45. Rd3+ Kc6 46. Kc3 Kb5 47. Rh3 a5 48. b3 1/2-1/2

[Event "Pardubice Czech op-A 30th"]
[Site "Pardubice"]
[Date "2019.07.27"]
[Round "9"]
[White "Kusa, Jakub"]
[Black "Ter Saakian, Grigorii"]
[Result "1/2-1/2"]
[WhiteElo "2199"]
[BlackElo "2338"]
[PlyCount "104"]
[EventDate "2019.07.19"]
[EventType "swiss"]
[EventRounds "9"]
[EventCountry "CZE"]
[SourceTitle "CBM 191"]
[Source "ChessBase"]
[SourceDate "2019.08.31"]
[SourceVersion "1"]
[SourceVersionDate "2019.08.31"]
[SourceQuality "1"]

1. e4 d5 2. exd5 Qxd5 3. Nc3 Qd6 4. d4 Nf6 5. Nf3 c6 6. h3 g6 7. Bd3 Bg7 8. 0-0 0-0 9. Re1 Be6 10. Bg5 Nbd7 11. Qd2 Qb4 12. a3 Qa5 13. b4 Qc7 14. Na4 b5 15. Bf4 Qb7 16. Nc5 Nxc5 17. bxc5 Bd5 18. Ne5 Nd7 19. c3 e6 20. Ng4 Nf6 21. Nxf6+ Bxf6 22. Be4 Rfe8 23. Bxd5 exd5 24. Bg5 Bg7 25. Bh6 Bh8 26. Qf4 Qd7 27. Kf1 Re6 28. Rxe6 fxe6 29. Re1 Re8 30. Qg3 Bf6 31. Bg5 Bxg5 32. Qxg5 Qe7 33. Qe5 a5 34. Re3 Qd7 35. h4 h5 36. Rf3 Kh7 37. Rf6 Qg7 38. Rxe6 Rxe6 39. Qxe6 Qb7 40. Kg1 Qc7 41. Qd6 Qb7 42. g3 a4 43. f4 Qc8 44. Qe7+ Kg8 45. Qe2 Qf5 46. Kh2 Kf7 47. Kg2 Qb1 48. Qe5 Qc2+ 49. Kh3 Qf5+ 50. Qxf5+ gxf5 51. Kg2 Ke7 52. Kf3 Kf7 1/2-1/2

[Event "Pardubice Czech op-A 30th"]
[Site "Pardubice"]
[Date "2019.07.19"]
[Round "1"]
[White "Ter Saakian, Grigorii"]
[Black "Dzikowski, Michal"]
[Result "1-0"]
[WhiteElo "2338"]
[BlackElo "2109"]
[PlyCount "99"]
[EventDate "2019.07.19"]
[EventType "swiss"]
[EventRounds "9"]
[EventCountry "CZE"]
[SourceTitle "CBM 191"]
[Source "ChessBase"]
[SourceDate "2019.08.31"]
[SourceVersion "1"]
[SourceVersionDate "2019.08.31"]
[SourceQuality "1"]

1. e4 c6 2. Nc3 d5 3. Nf3 Bg4 4. h3 Bxf3 5. Qxf3 Nf6 6. d3 e6 7. g4 Bb4 8. Bg2 d4 9. a3 Qa5 10. axb4 Qxa1 11. Ne2 Qa4 12. Nxd4 Qxb4+ 13. c3 Qb6 14. 0-0 c5 15. Ne2 Nc6 16. g5 Nd7 17. Qg3 0-0-0 18. d4 Qb5 19. Re1 cxd4 20. cxd4 Qb4 21. Rd1 Nc5 22. Be3 Qxb2 23. Bf3 h5 24. d5 Nb3 25. Rd3 Qb1+ 26. Nc1 Nxc1 27. Rd1 exd5 28. exd5 Rxd5 29. Rxc1 Qf5 30. Bxd5 Qxd5 31. Bxa7 Kd7 32. Bb6 Qe5 33. Qd3+ Ke7 34. f4 Qxf4 35. Re1+ Ne5 36. Bc5+ Ke6 37. Qb3+ Kd7 38. Qxb7+ Ke6 39. Qb3+ Kd7 40. Qd5+ Kc8 41. Qxe5 Qxe5 42. Rxe5 f6 43. gxf6 gxf6 44. Rf5 Rg8+ 45. Kf2 Rg6 46. Bd4 Kd7 47. Rxf6 Rg5 48. Be3 Rb5 49. Rg6 Ke7 50. Rg5 1-0

[Event "Pardubice op rapid 30th"]
[Site "Pardubice"]
[Date "2019.07.18"]
[Round "4"]
[White "Ter Saakian, Grigorii"]
[Black "Shcherbin, Matvei"]
[Result "1-0"]
[WhiteElo "2338"]
[BlackElo "2366"]
[PlyCount "87"]
[EventDate "2019.07.17"]
[EventType "swiss (rapid)"]
[EventRounds "9"]
[EventCountry "CZE"]
[SourceTitle "CBM 191 Extra"]
[Source "ChessBase"]
[SourceDate "2019.09.30"]
[SourceVersion "1"]
[SourceVersionDate "2019.09.30"]
[SourceQuality "1"]

1. e4 c5 2. a3 e6 3. b4 d5 4. e5 Ne7 5. f4 Ng6 6. d4 cxd4 7. Nf3 Be7 8. Bd3 Nc6 9. 0-0 0-0 10. Kh1 f5 11. Qd2 Qb6 12. Qf2 Bd7 13. g3 Rfc8 14. Bb2 Nf8 15. Nbd2 a6 16. Nb3 Qd8 17. Nbxd4 b5 18. Nxc6 Bxc6 19. Nd4 Qb6 20. Nxf5 Qxf2 21. Nxe7+ Kf7 22. Rxf2 Kxe7 23. Bd4 g6 24. g4 Nd7 25. f5 Rf8 26. Raf1 gxf5 27. gxf5 h6 28. f6+ Kf7 29. Be2 Rg8 30. Bh5+ Kf8 31. Rg1 Rxg1+ 32. Kxg1 Kg8 33. Rg2+ Kh8 34. Kf2 Rg8 35. Rg6 Rxg6 36. Bxg6 Nf8 37. Bf7 Bd7 38. h4 Kh7 39. h5 Kh8 40. Be3 Bc8 41. Bxh6 Nd7 42. Bg7+ Kh7 43. Bg6+ Kg8 44. h6 1-0

[Event "Pardubice op rapid 30th"]
[Site "Pardubice"]
[Date "2019.07.18"]
[Round "6"]
[White "Ter Saakian, Grigorii"]
[Black "Zdrazil, Jan"]
[Result "0-1"]
[WhiteElo "2338"]
[BlackElo "1967"]
[PlyCount "104"]
[EventDate "2019.07.17"]
[EventType "swiss (rapid)"]
[EventRounds "9"]
[EventCountry "CZE"]
[SourceTitle "CBM 191 Extra"]
[Source "ChessBase"]
[SourceDate "2019.09.30"]
[SourceVersion "1"]
[SourceVersionDate "2019.09.30"]
[SourceQuality "1"]

1. e4 c5 2. a3 d5 3. exd5 Qxd5 4. Nc3 Qd8 5. Nf3 Nf6 6. h3 e6 7. Bb5+ Bd7 8. Bxd7+ Qxd7 9. d4 Nc6 10. Be3 cxd4 11. Nxd4 Rd8 12. Nf3 Qc7 13. Qe2 a6 14. 0-0 Be7 15. Rfd1 0-0 16. Rxd8 Rxd8 17. Rd1 h6 18. Rxd8+ Qxd8 19. Qd2 Qc7 20. Nd4 Nxd4 21. Qxd4 Qc6 22. Qb6 Qc8 23. Qd4 Qc6 24. Qd3 Qc7 25. Bd4 Qc6 26. a4 Nd5 27. Nxd5 Qxd5 28. b3 Bc5 29. Bc3 Qxd3 30. cxd3 g6 31. Kf1 Kf8 32. Ke2 Ke7 33. d4 Bd6 34. Kd3 Kd7 35. Bd2 Bf8 36. Ke4 Kc6 37. g4 Bg7 38. f3 f5+ 39. Kd3 Kd5 40. Be3 Bf8 41. Kc3 g5 42. f4 Ke4 43. Kd2 gxf4 44. Bf2 fxg4 45. hxg4 Kf3 46. Ke1 Kxg4 47. Ke2 h5 48. Kf1 Kf3 49. Bh4 Bb4 50. Bf2 Bd2 51. Bh4 Be3 52. Bf6 Ke4 0-1

[Event "Pardubice op rapid 30th"]
[Site "Pardubice"]
[Date "2019.07.18"]
[Round "5"]
[White "Zpevak, Pavel"]
[Black "Ter Saakian, Grigorii"]
[Result "1-0"]
[WhiteElo "2343"]
[BlackElo "2338"]
[PlyCount "56"]
[EventDate "2019.07.17"]
[EventType "swiss (rapid)"]
[EventRounds "9"]
[EventCountry "CZE"]
[SourceTitle "CBM 191 Extra"]
[Source "ChessBase"]
[SourceDate "2019.09.30"]
[SourceVersion "1"]
[SourceVersionDate "2019.09.30"]
[SourceQuality "1"]

1. d4 d5 2. c4 c6 3. Nf3 Nf6 4. Qc2 e6 5. g3 Nbd7 6. Bg2 Bb4+ 7. Nbd2 0-0 8. 0-0 b6 9. e4 dxe4 10. Nxe4 Nxe4 11. Qxe4 Bb7 12. Bf4 Nf6 13. Qe2 Bd6 14. Ne5 Rc8 15. Rfe1 Qe7 16. Bg5 c5 17. Bxf6 gxf6 18. Bxb7 Qxb7 19. Ng4 f5 20. Nh6+ Kg7 21. Qh5 Be7 22. d5 Bf6 23. dxe6 fxe6 24. Rxe6 Kh8 25. Rae1 f4 26. Nf5 fxg3 27. hxg3 Rc7 28. Rxf6 Rxf6 1-0

[Event "Voronezh op-A 23rd"]
[Site "Voronezh"]
[Date "2019.06.16"]
[Round "5"]
[White "Ter Saakian, Grigorii"]
[Black "Yeritsyan, Aram"]
[Result "1-0"]
[WhiteElo "2262"]
[BlackElo "2352"]
[PlyCount "83"]
[EventDate "2019.06.12"]
[EventType "swiss"]
[EventRounds "9"]
[EventCountry "RUS"]
[SourceTitle "EXT 2020"]
[Source "ChessBase"]
[SourceDate "2019.10.17"]
[SourceVersion "1"]
[SourceVersionDate "2019.10.17"]
[SourceQuality "1"]

1. e4 c5 2. Nf3 d6 3. d4 cxd4 4. Nxd4 Nf6 5. Nc3 e6 6. Be3 Be7 7. f3 Nc6 8. Qd2 0-0 9. 0-0-0 a6 10. g4 Nxd4 11. Bxd4 b5 12. g5 Nd7 13. h4 Bb7 14. Kb1 b4 15. Na4 Bc6 16. b3 Bxa4 17. bxa4 Qa5 18. g6 hxg6 19. h5 gxh5 20. e5 Nxe5 21. Rxh5 f5 22. Qh2 Bf6 23. f4 Ng4 24. Qe2 e5 25. Qc4+ d5 26. Bb6 dxc4 27. Bxc4+ Rf7 28. Bxa5 g6 29. Rh3 exf4 30. Bc7 Ne3 31. Bxf7+ Kxf7 32. Rd7+ Kg8 33. Rh6 f3 34. Rxg6+ Kh8 35. Rh6+ Kg8 36. Rg6+ Kh8 37. Rxf6 f2 38. Rh6+ Kg8 39. Rg6+ Kf8 40. Bd6+ Ke8 41. Re7+ Kf8 42. Rh7+ 1-0

[Event "RUS-chT2"]
[Site "Sochi"]
[Date "2019.05.08"]
[Round "7.2"]
[White "Ter Saakian, Grigorii"]
[Black "Bublei, Pavel"]
[Result "1/2-1/2"]
[WhiteElo "2177"]
[BlackElo "2370"]
[PlyCount "74"]
[EventDate "2019.05.01"]
[EventType "team-swiss"]
[EventRounds "9"]
[EventCountry "RUS"]
[SourceTitle "CBM 190 Extra"]
[Source "ChessBase"]
[SourceDate "2019.07.15"]
[SourceVersion "1"]
[SourceVersionDate "2019.07.15"]
[SourceQuality "1"]
[WhiteTeam "Moscow Summer Sports"]
[BlackTeam "Novosibirsk Region"]
[WhiteTeamCountry "RUS"]
[BlackTeamCountry "RUS"]

1. e4 c6 2. Nc3 d5 3. Nf3 dxe4 4. Nxe4 Nf6 5. Nxf6+ exf6 6. d4 Bd6 7. Bc4 0-0 8. 0-0 Nd7 9. Re1 a5 10. h3 Re8 11. Bd2 Nf8 12. Rxe8 Qxe8 13. Qe1 Bf5 14. Qxe8 Rxe8 15. Re1 Ra8 16. c3 a4 17. d5 Ng6 18. dxc6 bxc6 19. Bc1 Kf8 20. Rd1 Rd8 21. Kf1 Be4 22. Nd4 Ne5 23. Be2 Be7 24. f3 Bd5 25. f4 Nd7 26. c4 Be4 27. Bf3 Nc5 28. Ke2 Bd3+ 29. Ke3 Bxc4 30. Nxc6 Rxd1 31. Bxd1 Bd6 32. Nd4 Nd3 33. Ne2 Bc5+ 34. Kd2 Bb4+ 35. Ke3 Bc5+ 36. Kd2 Bb4+ 37. Ke3 Bc5+ 1/2-1/2

[Event "RUS-chT2"]
[Site "Sochi"]
[Date "2019.05.02"]
[Round "2.2"]
[White "Ter Saakian, Grigorii"]
[Black "Gavrilin, Roman"]
[Result "1/2-1/2"]
[WhiteElo "2177"]
[BlackElo "2055"]
[PlyCount "240"]
[EventDate "2019.05.01"]
[EventType "team-swiss"]
[EventRounds "9"]
[EventCountry "RUS"]
[SourceTitle "CBM 190 Extra"]
[Source "ChessBase"]
[SourceDate "2019.07.15"]
[SourceVersion "1"]
[SourceVersionDate "2019.07.15"]
[SourceQuality "1"]
[WhiteTeam "Moscow Summer Sports"]
[BlackTeam "Ural Karpov Academy"]
[WhiteTeamCountry "RUS"]
[BlackTeamCountry "RUS"]

1. e4 c5 2. a3 e6 3. b4 d5 4. e5 Ne7 5. Nf3 Ng6 6. bxc5 d4 7. c3 Bxc5 8. Bb5+ Bd7 9. Bxd7+ Qxd7 10. 0-0 d3 11. a4 Nc6 12. Re1 Nf4 13. Ba3 Ne2+ 14. Kf1 Bxa3 15. Nxa3 0-0 16. Rxe2 dxe2+ 17. Qxe2 Rfd8 18. Nc4 Qd3 19. Qxd3 Rxd3 20. Rb1 b6 21. Ne3 f6 22. Ke2 Rd7 23. exf6 gxf6 24. g4 Rad8 25. d4 e5 26. d5 Rxd5 27. Nxd5 Rxd5 28. Rb5 Rd6 29. Nd2 a6 30. Rb1 Ne7 31. Ne4 Rc6 32. Rd1 Ng6 33. Rd7 Nf4+ 34. Kd2 Ng6 35. Ra7 a5 36. Rd7 Nf8 37. Rb7 Ng6 38. Ra7 Nf4 39. h4 Nd5 40. Rd7 Nf4 41. g5 fxg5 42. hxg5 h6 43. gxh6 Rxh6 44. Rd6 Rh1 45. Rxb6 Ra1 46. Rb5 Rxa4 47. Rxe5 Ng6 48. Re8+ Kf7 49. Nd6+ Kf6 50. Ke3 Ra1 51. Ra8 Re1+ 52. Kd2 Rf1 53. Ke2 Ra1 54. Ra6 Kg5 55. Ne4+ Kf4 56. Nd6 Kg5 57. Nc4 Nf4+ 58. Ke3 Nd5+ 59. Kd3 Nf4+ 60. Kc2 Rf1 61. Rxa5+ Kf6 62. Ne3 Rxf2+ 63. Kb3 Ke6 64. Ra6+ Kd7 65. Ra4 Ne6 66. Ra7+ Kc6 67. Ra6+ Kd7 68. Kb4 Rb2+ 69. Kc4 Re2 70. Ra7+ Kc6 71. Ra6+ Kd7 72. Ra7+ Kc6 73. Kd3 Nf4+ 74. Kd4 Ne6+ 75. Ke4 Nc5+ 76. Kf3 Rd2 77. Rh7 Rd3 78. Rh6+ Kb5 79. c4+ Kb4 80. Ke2 Rxe3+ 81. Kxe3 Kxc4 82. Rh4+ Kd5 83. Kd2 Ne6 84. Kd3 Nc5+ 85. Ke3 Ne6 86. Ra4 Nc5 87. Rd4+ Ke5 88. Rd1 Ne6 89. Rh1 Nf4 90. Ra1 Nd5+ 91. Kd3 Nf4+ 92. Kc4 Ne6 93. Re1+ Kd6 94. Re2 Nf4 95. Rf2 Ke5 96. Rh2 Ne6 97. Re2+ Kd6 98. Re4 Nc5 99. Rd4+ Kc6 100. Rd5 Ne6 101. Rd1 Nc5 102. Rd2 Ne6 103. Rd5 Nc7 104. Ra5 Kd6 105. Kd4 Ne6+ 106. Ke4 Nc5+ 107. Kf5 Kd5 108. Ra1 Nd3 109. Ra8 Nc5 110. Rd8+ Kc4 111. Ke5 Nd3+ 112. Ke4 Nc5+ 113. Ke3 Ne6 114. Rd1 Nc5 115. Rd4+ Kc3 116. Rh4 Nd3 117. Ra4 Nc5 118. Rd4 Nb3 119. Rd3+ Kc4 120. Rxb3 Kxb3 1/2-1/2